A Study in General Banking & Credit Management system of Janata Bank Limited (Record no. 14104)

MARC details
000 -LEADER
fixed length control field 00841nam a22002057a 4500
003 - CONTROL NUMBER IDENTIFIER
control field BD-DhSAU
005 - DATE AND TIME OF LATEST TRANSACTION
control field 20190303163454.0
008 - FIXED-LENGTH DATA ELEMENTS--GENERAL INFORMATION
fixed length control field 160823b2016 bg ||||| |||| 001 0 eng d
040 ## - CATALOGING SOURCE
Original cataloging agency BD-DhSAU
082 ## - DEWEY DECIMAL CLASSIFICATION NUMBER
Edition number 22
Classification number 658.8
Item number H27
100 ## - MAIN ENTRY--PERSONAL NAME
Personal name Dhiman Roy ,
Relator term Registration # 10-0417
245 ## - TITLE STATEMENT
Title A Study in General Banking & Credit Management system of Janata Bank Limited
Remainder of title MS thesis
Statement of responsibility, etc. Roy , Dhiman
260 ## - PUBLICATION, DISTRIBUTION, ETC. (IMPRINT)
Place of publication, distribution, etc. Sher-e-Bangla Agricultural Uniersity :
Name of publisher, distributor, etc. Department of Agribusiness & Marketing
Date of publication, distribution, etc. 2017
300 ## - PHYSICAL DESCRIPTION
Extent vii, 52 p. :
Other physical details ill. ;
Dimensions 30 cm.
500 ## - GENERAL NOTE
General note MS thesis, Department of Agribusiness and marketing, Faculty of Agribusiness Management, Sher-e-Bangla Agricultural University, Dhaka, Bangladesh
590 ## - Name of Cataloguer
Name of Cataloger Shofi
650 ## - SUBJECT ADDED ENTRY--TOPICAL TERM
Topical term or geographic name as entry element Agribusiness and Marketing
700 ## - ADDED ENTRY--PERSONAL NAME
Personal name Dewan , Bisakha
Relator term Supervisor
942 ## - ADDED ENTRY ELEMENTS (KOHA)
Source of classification or shelving scheme Dewey Decimal Classification
Koha item type MS Level Thesis
Holdings
Withdrawn status Lost status Source of classification or shelving scheme Damaged status Not for loan Collection code Home library Branch Name Date acquired Total Checkouts Full call number Barcode Date last seen Price effective from Koha item type
    Dewey Decimal Classification   Not For Loan Reference SAU Library SAU Library 24/10/2017   658.8 R8121 40391 31/10/2017 31/10/2017 MS Level Thesis